[Event "DEM U14 2023"]
[Site "Willingen GER"]
[Date "2023.05.31"]
[Round "5"]
[White "Sommer, Justus"]
[Black "Korchynskyi, Mykola"]
[Result "1-0"]
[Termination "normal"]
[Board "5"]
[WhiteElo "2047"]
[BlackElo "2126"]
[WhiteClock "00:01:43"]
[BlackClock "00:01:02"]
[PlyCount "135"]
[WhiteFideId "16245008"]
[BlackFideId "34138005"]
[EventCountry "GER"]
[EventRounds "9"]
[EventType "swiss"]
[EventDate "2023.05.27"]

1. d4 {[%clk 01:30:54]} {[%emt 00:00:04]} d5 {[%clk 01:30:51]} {[%emt
00:00:11]} 2. c4 {[%clk 01:31:18]} {[%emt 00:00:05]} e6 {[%clk 01:31:15]}
{[%emt 00:00:07]} 3. Nf3 {[%clk 01:31:39]} {[%emt 00:00:07]} Be7 {[%clk
01:31:30]} {[%emt 00:00:16]} 4. g3 {[%clk 01:31:34]} {[%emt 00:00:36]} Nf6
{[%clk 01:31:23]} {[%emt 00:00:38]} 5. Bg2 {[%clk 01:31:55]} {[%emt 00:00:05]}
O-O {[%clk 01:31:33]} {[%emt 00:00:24]} 6. O-O {[%clk 01:31:56]} {[%emt
00:00:26]} c6 {[%clk 01:30:41]} {[%emt 00:01:24]} 7. Qc2 {[%clk 01:30:14]}
{[%emt 00:02:11]} b6 {[%clk 01:28:21]} {[%emt 00:02:51]} 8. Nbd2 {[%clk
01:25:53]} {[%emt 00:04:47]} Bb7 {[%clk 01:27:47]} {[%emt 00:01:09]} 9. Rd1
{[%clk 01:24:15]} {[%emt 00:02:05]} Nbd7 {[%clk 01:27:41]} {[%emt 00:00:39]}
10. e4 {[%clk 01:16:20]} {[%emt 00:08:24]} Nxe4 {[%clk 01:24:53]} {[%emt
00:03:18]} 11. Nxe4 {[%clk 01:15:11]} {[%emt 00:01:39]} dxe4 {[%clk 01:25:14]}
{[%emt 00:00:09]} 12. Qxe4 {[%clk 01:14:45]} {[%emt 00:00:56]} Nf6 {[%clk
01:21:11]} {[%emt 00:04:33]} 13. Qe2 {[%clk 01:14:51]} {[%emt 00:00:23]} Qc8
{[%clk 00:57:38]} {[%emt 00:24:04]} 14. b3 {[%clk 01:06:11]} {[%emt 00:09:10]}
Rd8 {[%clk 00:53:25]} {[%emt 00:04:44]} 15. Bb2 {[%clk 01:05:11]} {[%emt
00:01:29]} Ne8 {[%clk 00:51:57]} {[%emt 00:01:59]} 16. Rac1 {[%clk 01:00:16]}
{[%emt 00:05:24]} Bf6 {[%emt 00:02:13]} 17. c5 {[%clk 00:52:12]} {[%emt
00:08:18]} Nc7 {[%clk 00:49:36]} {[%emt 00:01:25]} 18. Ne5 {[%clk 00:48:12]}
{[%emt 00:04:29]} Bxe5 {[%clk 00:48:18]} {[%emt 00:01:49]} 19. dxe5 {[%clk
00:45:32]} {[%emt 00:03:09]} Nd5 {[%clk 00:48:16]} {[%emt 00:00:33]} 20. Qg4
{[%clk 00:43:26]} {[%emt 00:02:35]} Qc7 {[%clk 00:46:01]} {[%emt 00:02:46]} 21.
h4 {[%clk 00:31:49]} {[%emt 00:12:07]} bxc5 {[%clk 00:42:43]} {[%emt 00:03:50]}
22. Rxc5 {[%clk 00:27:12]} {[%emt 00:05:05]} Qb6 {[%clk 00:42:03]} {[%emt
00:01:10]} 23. Bd4 {[%clk 00:25:23]} {[%emt 00:02:19]} Qc7 {[%clk 00:35:08]}
{[%emt 00:07:28]} 24. a3 {[%clk 00:20:49]} {[%emt 00:05:02]} Rd7 {[%clk
00:33:39]} {[%emt 00:01:59]} 25. Rdc1 {[%clk 00:18:43]} {[%emt 00:02:37]} Rad8
{[%clk 00:29:59]} {[%emt 00:04:10]} 26. Bc3 {[%clk 00:17:23]} {[%emt 00:01:49]}
Qb8 {[%clk 00:28:03]} {[%emt 00:02:25]} 27. Ba5 {[%clk 00:16:33]} {[%emt
00:01:21]} Rc8 {[%clk 00:27:53]} {[%emt 00:00:40]} 28. Qe2 {[%clk 00:15:50]}
{[%emt 00:01:12]} a6 {[%clk 00:24:01]} {[%emt 00:04:22]} 29. h5 {[%clk
00:14:52]} {[%emt 00:01:28]} h6 {[%clk 00:24:21]} {[%emt 00:00:10]} 30. Be4
{[%clk 00:13:34]} {[%emt 00:01:48]} Re8 {[%clk 00:16:48]} {[%emt 00:08:03]} 31.
Bb1 {[%clk 00:12:15]} {[%emt 00:01:50]} Qc8 {[%clk 00:14:44]} {[%emt 00:02:34]}
32. Qe4 {[%clk 00:11:38]} {[%emt 00:01:07]} f5 {[%clk 00:14:25]} {[%emt
00:00:50]} 33. exf6 {[%clk 00:11:09]} {[%emt 00:00:58]} Nxf6 {[%clk 00:14:51]}
{[%emt 00:00:05]} 34. Qg6 {[%clk 00:10:27]} {[%emt 00:01:11]} Rd4 {[%clk
00:11:14]} {[%emt 00:04:08]} 35. Bc3 {[%clk 00:07:44]} {[%emt 00:03:12]} Rg4
{[%clk 00:11:39]} {[%emt 00:00:05]} 36. Qc2 {[%clk 00:07:35]} {[%emt 00:00:39]}
Qc7 {[%clk 00:07:45]} {[%emt 00:04:26]} 37. Be5 {[%clk 00:06:46]} {[%emt
00:01:19]} Qf7 {[%clk 00:06:44]} {[%emt 00:01:30]} 38. Bxf6 {[%clk 00:06:49]}
{[%emt 00:00:27]} gxf6 {[%clk 00:07:04]} {[%emt 00:00:10]} 39. Qe2 {[%clk
00:06:56]} {[%emt 00:00:22]} f5 {[%clk 00:07:01]} {[%emt 00:00:33]} 40. Re1
{[%clk 00:04:58]} {[%emt 00:02:28]} Rg5 {[%clk 00:03:16]} {[%emt 00:04:16]} 41.
b4 {[%clk 00:24:23]} {[%emt 00:11:05]} Bc8 {[%clk 00:20:30]} {[%emt 00:13:15]}
42. Ba2 {[%clk 00:15:37]} {[%emt 00:09:16]} f4 {[%clk 00:18:05]} {[%emt
00:02:56]} 43. Rxg5+ {[%clk 00:15:09]} {[%emt 00:00:58]} hxg5 {[%clk 00:18:24]}
{[%emt 00:00:11]} 44. Qg4 {[%clk 00:13:55]} {[%emt 00:01:44]} Qf6 {[%clk
00:16:14]} {[%emt 00:02:40]} 45. Qf3 {[%clk 00:13:04]} {[%emt 00:01:20]} Bd7
{[%clk 00:14:58]} {[%emt 00:01:48]} 46. Qd3 {[%clk 00:12:42]} {[%emt 00:00:51]}
Re7 {[%clk 00:14:44]} {[%emt 00:00:44]} 47. Qd6 {[%clk 00:09:59]} {[%emt
00:03:12]} fxg3 {[%clk 00:14:03]} {[%emt 00:01:12]} 48. Qxg3 {[%clk 00:10:15]}
{[%emt 00:00:14]} Kh7 {[%clk 00:14:04]} {[%emt 00:00:28]} 49. Re5 {[%clk
00:09:03]} {[%emt 00:01:42]} Kh6 {[%clk 00:13:52]} {[%emt 00:00:43]} 50. Bc4
{[%clk 00:08:17]} {[%emt 00:01:16]} Bc8 {[%clk 00:11:42]} {[%emt 00:02:40]} 51.
Be2 {[%clk 00:07:17]} {[%emt 00:01:29]} Rd7 {[%clk 00:09:18]} {[%emt 00:02:54]}
52. Rc5 {[%clk 00:04:56]} {[%emt 00:02:52]} Bb7 {[%clk 00:04:04]} {[%emt
00:05:44]} 53. Bg4 {[%clk 00:04:54]} {[%emt 00:00:31]} Rd4 {[%clk 00:03:51]}
{[%emt 00:00:44]} 54. Kg2 {[%clk 00:04:07]} {[%emt 00:01:16]} Bc8 {[%clk
00:02:18]} {[%emt 00:02:03]} 55. Be2 {[%clk 00:03:33]} {[%emt 00:01:03]} Rf4
{[%clk 00:02:03]} {[%emt 00:00:46]} 56. Qe3 {[%clk 00:02:52]} {[%emt 00:01:11]}
Bd7 {[%clk 00:01:38]} {[%emt 00:00:56]} 57. Rc1 {[%clk 00:01:29]} {[%emt
00:01:52]} e5 {[%clk 00:01:22]} {[%emt 00:00:47]} 58. Rc5 {[%clk 00:01:02]}
{[%emt 00:00:57]} e4 {[%clk 00:01:20]} {[%emt 00:00:32]} 59. Qg3 {[%clk
00:00:43]} {[%emt 00:00:48]} Be6 {[%clk 00:01:12]} {[%emt 00:00:39]} 60. Kg1
{[%clk 00:00:42]} {[%emt 00:00:31]} Bd5 {[%clk 00:01:31]} {[%emt 00:00:12]} 61.
Qc3 {[%clk 00:00:42]} {[%emt 00:00:29]} Qf8 {[%clk 00:00:54]} {[%emt 00:01:06]}
62. Qe3 {[%clk 00:00:38]} {[%emt 00:00:34]} Qc8 {[%clk 00:00:37]} {[%emt
00:00:47]} 63. Qc3 {[%clk 00:00:49]} {[%emt 00:00:19]} Qf8 {[%clk 00:00:34]}
{[%emt 00:00:34]} 64. Qe3 {[%clk 00:01:06]} {[%emt 00:00:13]} Qc8 {[%clk
00:00:32]} {[%emt 00:00:32]} 65. Rxd5 {[%clk 00:00:38]} {[%emt 00:00:59]} cxd5
{[%clk 00:00:38]} {[%emt 00:00:24]} 66. Qb6+ {[%clk 00:01:03]} {[%emt
00:00:04]} Kh7 {[%clk 00:00:53]} {[%emt 00:00:14]} 67. Qg6+ {[%clk 00:01:21]}
{[%emt 00:00:12]} Kh8 {[%clk 00:01:02]} {[%emt 00:00:21]} 68. Qh6+ {[%clk
00:01:43]} {[%emt 00:00:08]} 1-0

[Event "DEM U14 2023"]
[Site "Willingen GER"]
[Date "2023.05.31"]
[Round "5"]
[White "Ermitsch, Magnus"]
[Black "Jahnz, Laurin"]
[Result "1-0"]
[Termination "normal"]
[Board "6"]
[WhiteTitle "FM"]
[WhiteElo "2275"]
[BlackElo "1896"]
[WhiteClock "00:23:23"]
[BlackClock "00:16:18"]
[PlyCount "117"]
[WhiteFideId "16234464"]
[BlackFideId "16261089"]
[EventCountry "GER"]
[EventRounds "9"]
[EventType "swiss"]
[EventDate "2023.05.27"]

1. e4 {[%clk 01:30:57]} {[%emt 00:00:03]} c6 {[%clk 01:30:58]} {[%emt
00:00:03]} 2. d4 {[%clk 01:31:16]} {[%emt 00:00:10]} d5 {[%clk 01:31:25]}
{[%emt 00:00:03]} 3. f3 {[%clk 01:31:35]} {[%emt 00:00:11]} e6 {[%clk
01:31:50]} {[%emt 00:00:05]} 4. Nc3 {[%clk 01:31:46]} {[%emt 00:00:19]} Bb4
{[%clk 01:32:06]} {[%emt 00:00:14]} 5. Bd2 {[%clk 01:32:07]} {[%emt 00:00:10]}
Ne7 {[%clk 01:32:05]} {[%emt 00:00:29]} 6. a3 {[%clk 01:32:07]} {[%emt
00:00:32]} Bxc3 {[%clk 01:32:14]} {[%emt 00:00:21]} 7. Bxc3 {[%clk 01:32:31]}
{[%emt 00:00:06]} b6 {[%clk 01:32:17]} {[%emt 00:00:27]} 8. h4 {[%clk
01:32:48]} {[%emt 00:00:12]} Ba6 {[%clk 01:32:04]} {[%emt 00:00:43]} 9. Bxa6
{[%clk 01:32:59]} {[%emt 00:00:20]} Nxa6 {[%clk 01:32:31]} {[%emt 00:00:03]}
10. Qd3 {[%clk 01:33:19]} {[%emt 00:00:09]} Nb8 {[%clk 01:25:40]} {[%emt
00:07:21]} 11. h5 {[%clk 01:32:28]} {[%emt 00:01:21]} Qc7 {[%clk 01:23:47]}
{[%emt 00:02:24]} 12. Ne2 {[%clk 01:31:32]} {[%emt 00:01:26]} h6 {[%clk
01:22:00]} {[%emt 00:02:18]} 13. O-O-O {[%clk 01:31:12]} {[%emt 00:00:48]} Nd7
{[%clk 01:21:41]} {[%emt 00:00:49]} 14. Be1 {[%clk 01:25:19]} {[%emt 00:06:22]}
Qb7 {[%clk 01:08:42]} {[%emt 00:13:31]} 15. Bh4 {[%clk 01:20:59]} {[%emt
00:04:50]} Nf6 {[%clk 00:51:20]} {[%emt 00:17:51]} 16. e5 {[%clk 01:17:06]}
{[%emt 00:04:23]} Nh7 {[%clk 00:50:30]} {[%emt 00:01:21]} 17. f4 {[%clk
01:16:38]} {[%emt 00:00:58]} c5 {[%clk 00:43:08]} {[%emt 00:07:53]} 18. g4
{[%clk 01:11:17]} {[%emt 00:05:50]} c4 {[%clk 00:37:45]} {[%emt 00:05:53]} 19.
Qe3 {[%clk 01:05:03]} {[%emt 00:06:43]} O-O-O {[%clk 00:32:01]} {[%emt
00:06:15]} 20. f5 {[%clk 01:04:19]} {[%emt 00:01:14]} exf5 {[%clk 00:28:20]}
{[%emt 00:04:11]} 21. gxf5 {[%clk 01:04:14]} {[%emt 00:00:35]} f6 {[%clk
00:22:23]} {[%emt 00:06:28]} 22. Nf4 {[%clk 00:57:16]} {[%emt 00:07:27]} Qd7
{[%clk 00:16:42]} {[%emt 00:06:10]} 23. e6 {[%clk 00:56:47]} {[%emt 00:00:59]}
Qb7 {[%clk 00:16:33]} {[%emt 00:00:40]} 24. Ng6 {[%clk 00:55:39]} {[%emt
00:01:37]} Rhe8 {[%clk 00:16:30]} {[%emt 00:00:33]} 25. Nxe7+ {[%clk 00:52:14]}
{[%emt 00:03:55]} Qxe7 {[%clk 00:13:14]} {[%emt 00:03:46]} 26. Rdg1 {[%clk
00:51:12]} {[%emt 00:01:32]} Ng5 {[%clk 00:13:13]} {[%emt 00:00:32]} 27. Bxg5
{[%clk 00:51:16]} {[%emt 00:00:28]} hxg5 {[%clk 00:13:39]} {[%emt 00:00:01]}
28. h6 {[%clk 00:51:22]} {[%emt 00:00:25]} gxh6 {[%clk 00:11:47]} {[%emt
00:02:22]} 29. Rxh6 {[%clk 00:51:32]} {[%emt 00:00:21]} Rh8 {[%clk 00:12:03]}
{[%emt 00:00:13]} 30. Rgh1 {[%clk 00:48:36]} {[%emt 00:03:26]} Rxh6 {[%clk
00:12:12]} {[%emt 00:00:21]} 31. Rxh6 {[%clk 00:49:04]} {[%emt 00:00:01]} Rg8
{[%clk 00:08:59]} {[%emt 00:03:44]} 32. Qe2 {[%clk 00:40:05]} {[%emt 00:09:29]}
Kb7 {[%clk 00:05:26]} {[%emt 00:04:03]} 33. Qh5 {[%clk 00:39:50]} {[%emt
00:00:42]} Rg7 {[%clk 00:05:04]} {[%emt 00:00:54]} 34. c3 {[%clk 00:21:15]}
{[%emt 00:19:05]} b5 {[%clk 00:04:04]} {[%emt 00:01:30]} 35. Kb1 {[%clk
00:17:18]} {[%emt 00:04:27]} a6 {[%clk 00:02:58]} {[%emt 00:01:37]} 36. Rg6
{[%clk 00:14:30]} {[%emt 00:03:17]} Rh7 {[%clk 00:02:32]} {[%emt 00:00:56]} 37.
Qf3 {[%clk 00:14:54]} {[%emt 00:00:06]} Qd8 {[%clk 00:02:31]} {[%emt 00:00:32]}
38. Ka2 {[%clk 00:14:10]} {[%emt 00:01:14]} Kc6 {[%clk 00:02:32]} {[%emt
00:00:28]} 39. Qg3 {[%clk 00:12:20]} {[%emt 00:02:21]} Kb7 {[%clk 00:01:44]}
{[%emt 00:01:18]} 40. Qg2 {[%clk 00:12:41]} {[%emt 00:00:08]} Kc6 {[%clk
00:02:09]} {[%emt 00:00:05]} 41. Qf3 {[%clk 00:00:40]} {[%emt 00:12:31]} Qf8
{[%clk 00:22:47]} {[%emt 00:09:52]} 42. Qg3 {[%clk 00:29:27]} {[%emt 00:01:43]}
Kb7 {[%clk 00:17:36]} {[%emt 00:05:43]} 43. Qf3 {[%clk 00:29:34]} {[%emt
00:00:22]} Kc6 {[%clk 00:17:30]} {[%emt 00:00:35]} 44. Qg2 {[%clk 00:29:59]}
{[%emt 00:00:05]} Qd8 {[%clk 00:15:49]} {[%emt 00:02:11]} 45. Qxg5 {[%clk
00:29:43]} {[%emt 00:00:47]} fxg5 {[%clk 00:15:21]} {[%emt 00:00:57]} 46. e7+
{[%clk 00:30:12]} Kd7 {[%clk 00:15:41]} {[%emt 00:00:10]} 47. exd8=Q+ {[%clk
00:30:33]} {[%emt 00:00:08]} Kxd8 {[%clk 00:16:09]} {[%emt 00:00:03]} 48. Rxa6
{[%clk 00:23:31]} {[%emt 00:07:32]} Rf7 {[%clk 00:13:29]} {[%emt 00:03:10]} 49.
Rd6+ {[%clk 00:23:15]} {[%emt 00:00:46]} Kc7 {[%clk 00:13:46]} {[%emt
00:00:13]} 50. Rxd5 {[%clk 00:23:38]} {[%emt 00:00:06]} g4 {[%clk 00:13:34]}
{[%emt 00:00:42]} 51. Rxb5 {[%clk 00:21:21]} {[%emt 00:02:47]} g3 {[%clk
00:13:48]} {[%emt 00:00:15]} 52. f6 {[%clk 00:20:54]} {[%emt 00:00:58]} Rxf6
{[%clk 00:14:12]} {[%emt 00:00:06]} 53. Rg5 {[%clk 00:21:22]} {[%emt 00:00:03]}
Rf3 {[%clk 00:14:36]} {[%emt 00:00:05]} 54. a4 {[%clk 00:21:38]} {[%emt
00:00:14]} Kb6 {[%clk 00:14:51]} {[%emt 00:00:16]} 55. Ka3 {[%clk 00:21:56]}
{[%emt 00:00:11]} Ka6 {[%clk 00:15:05]} {[%emt 00:00:16]} 56. Kb4 {[%clk
00:22:19]} {[%emt 00:00:07]} Rf2 {[%clk 00:15:31]} {[%emt 00:00:04]} 57. Rxg3
{[%clk 00:22:45]} {[%emt 00:00:05]} Rxb2+ {[%clk 00:15:55]} {[%emt 00:00:06]}
58. Kxc4 {[%clk 00:23:10]} {[%emt 00:00:04]} Ka5 {[%clk 00:16:18]} {[%emt
00:00:07]} 59. Rg5+ {[%clk 00:23:23]} {[%emt 00:00:16]} 1-0

[Event "DEM U14 2023"]
[Site "Willingen GER"]
[Date "2023.05.31"]
[Round "5"]
[White "Malinowsky, Levi"]
[Black "Fruth, David"]
[Result "1/2-1/2"]
[Termination "normal"]
[Board "7"]
[WhiteElo "2173"]
[BlackElo "1851"]
[WhiteClock "00:10:42"]
[BlackClock "00:30:08"]
[PlyCount "117"]
[WhiteFideId "16253094"]
[BlackFideId "16257596"]
[EventCountry "GER"]
[EventRounds "9"]
[EventType "swiss"]
[EventDate "2023.05.27"]

1. e4 {[%clk 01:30:57]} {[%emt 00:00:02]} c6 {[%clk 01:31:00]} 2. Nf3 {[%clk
01:31:12]} {[%emt 00:00:16]} d5 {[%clk 01:31:28]} {[%emt 00:00:02]} 3. Nc3
{[%clk 01:31:35]} {[%emt 00:00:07]} dxe4 {[%clk 01:31:31]} {[%emt 00:00:28]} 4.
Nxe4 {[%clk 01:31:59]} {[%emt 00:00:05]} Nf6 {[%clk 01:31:57]} {[%emt
00:00:04]} 5. Qe2 {[%clk 01:32:09]} {[%emt 00:00:20]} Nxe4 {[%clk 01:32:02]}
{[%emt 00:00:26]} 6. Qxe4 {[%clk 01:32:32]} {[%emt 00:00:06]} Be6 {[%clk
01:31:59]} {[%emt 00:00:35]} 7. b3 {[%clk 01:27:52]} {[%emt 00:05:09]} Nd7
{[%clk 01:32:01]} {[%emt 00:00:28]} 8. Bb2 {[%clk 01:27:32]} {[%emt 00:00:49]}
Nf6 {[%clk 01:32:15]} {[%emt 00:00:16]} 9. Qe2 {[%clk 01:25:07]} {[%emt
00:02:55]} Bf5 {[%clk 01:28:18]} {[%emt 00:04:30]} 10. d4 {[%clk 01:21:04]}
{[%emt 00:04:31]} e6 {[%clk 01:27:13]} {[%emt 00:01:34]} 11. g3 {[%clk
01:19:50]} {[%emt 00:01:45]} Bd6 {[%clk 01:26:54]} {[%emt 00:00:48]} 12. Bg2
{[%clk 01:19:38]} {[%emt 00:00:41]} Qc7 {[%clk 01:25:10]} {[%emt 00:02:15]} 13.
O-O {[%clk 01:18:10]} {[%emt 00:01:59]} O-O {[%clk 01:15:57]} {[%emt 00:09:42]}
14. Rad1 {[%clk 01:08:50]} {[%emt 00:09:50]} Rad8 {[%clk 01:12:22]} {[%emt
00:04:05]} 15. c4 {[%clk 01:05:06]} {[%emt 00:04:14]} b6 {[%clk 01:09:23]}
{[%emt 00:03:29]} 16. Ne5 {[%clk 00:57:17]} {[%emt 00:08:19]} Bxe5 {[%clk
01:04:43]} {[%emt 00:05:11]} 17. dxe5 {[%clk 00:57:24]} {[%emt 00:00:22]} Nd7
{[%clk 01:03:02]} {[%emt 00:02:11]} 18. g4 {[%clk 00:55:08]} {[%emt 00:02:47]}
Bg6 {[%clk 01:03:03]} {[%emt 00:00:29]} 19. f4 {[%clk 00:54:07]} {[%emt
00:01:30]} f5 {[%clk 00:37:31]} {[%emt 00:26:02]} 20. exf6 {[%clk 00:52:14]}
{[%emt 00:02:24]} Nxf6 {[%clk 00:37:29]} {[%emt 00:00:31]} 21. g5 {[%clk
00:47:59]} {[%emt 00:04:44]} Rxd1 {[%clk 00:34:10]} {[%emt 00:03:51]} 22. Rxd1
{[%clk 00:47:22]} {[%emt 00:01:06]} Nh5 {[%clk 00:30:52]} {[%emt 00:03:48]} 23.
Qxe6+ {[%clk 00:44:37]} {[%emt 00:03:15]} Kh8 {[%clk 00:31:08]} {[%emt
00:00:14]} 24. Qe5 {[%clk 00:37:54]} {[%emt 00:07:13]} Qf7 {[%clk 00:25:40]}
{[%emt 00:05:58]} 25. Rf1 {[%clk 00:33:45]} {[%emt 00:04:38]} Bd3 {[%clk
00:24:01]} {[%emt 00:02:09]} 26. Rf3 {[%clk 00:28:47]} {[%emt 00:05:29]} Re8
{[%clk 00:20:09]} {[%emt 00:04:23]} 27. Qc3 {[%clk 00:24:02]} {[%emt 00:05:15]}
Be4 {[%clk 00:19:54]} {[%emt 00:00:44]} 28. Rf2 {[%clk 00:23:45]} {[%emt
00:00:47]} Qd7 {[%clk 00:08:00]} {[%emt 00:12:25]} 29. Qd2 {[%clk 00:20:20]}
{[%emt 00:03:55]} Qxd2 {[%clk 00:06:37]} {[%emt 00:01:53]} 30. Rxd2 {[%clk
00:20:08]} {[%emt 00:00:42]} Bxg2 {[%clk 00:07:03]} {[%emt 00:00:04]} 31. Kxg2
{[%clk 00:20:24]} {[%emt 00:00:12]} Nxf4+ {[%clk 00:07:27]} {[%emt 00:00:07]}
32. Kg3 {[%clk 00:20:07]} {[%emt 00:00:47]} Ne6 {[%clk 00:03:44]} {[%emt
00:04:13]} 33. Rd7 {[%clk 00:20:05]} {[%emt 00:00:32]} a6 {[%clk 00:03:36]}
{[%emt 00:00:38]} 34. h4 {[%clk 00:18:45]} {[%emt 00:01:50]} Kg8 {[%clk
00:02:37]} {[%emt 00:01:29]} 35. Rd6 {[%clk 00:16:26]} {[%emt 00:02:47]} b5
{[%clk 00:01:48]} {[%emt 00:01:23]} 36. Rxc6 {[%clk 00:16:30]} {[%emt
00:00:24]} bxc4 {[%clk 00:02:03]} {[%emt 00:00:16]} 37. bxc4 {[%clk 00:16:13]}
{[%emt 00:00:46]} a5 {[%clk 00:01:20]} {[%emt 00:01:13]} 38. Ra6 {[%clk
00:15:01]} {[%emt 00:01:42]} Nc5 {[%clk 00:01:39]} {[%emt 00:00:12]} 39. Ra7
{[%clk 00:14:44]} {[%emt 00:00:47]} g6 {[%clk 00:01:22]} {[%emt 00:00:45]} 40.
Rxa5 {[%clk 00:13:45]} {[%emt 00:01:29]} Nd3 {[%clk 00:01:38]} {[%emt
00:00:14]} 41. Bf6 {[%clk 00:13:19]} {[%emt 00:00:55]} Re3+ {[%clk 00:01:48]}
{[%emt 00:00:20]} 42. Kg2 {[%clk 00:13:10]} {[%emt 00:00:34]} Re4 {[%clk
00:30:27]} {[%emt 00:01:56]} 43. Ra8+ {[%clk 00:42:59]} {[%emt 00:00:41]} Kf7
{[%clk 00:30:53]} {[%emt 00:00:04]} 44. Ra7+ {[%clk 00:43:07]} {[%emt
00:00:23]} Kg8 {[%clk 00:29:30]} {[%emt 00:01:51]} 45. Rg7+ {[%clk 00:43:24]}
{[%emt 00:00:14]} Kf8 {[%clk 00:29:55]} {[%emt 00:00:06]} 46. Rxh7 {[%clk
00:43:46]} {[%emt 00:00:07]} Rxc4 {[%clk 00:30:19]} {[%emt 00:00:06]} 47. Kf3
{[%clk 00:43:28]} {[%emt 00:00:48]} Ra4 {[%clk 00:30:25]} {[%emt 00:00:25]} 48.
Ke3 {[%clk 00:42:10]} {[%emt 00:01:48]} Nf4 {[%clk 00:30:29]} {[%emt 00:00:25]}
49. Rb7 {[%clk 00:13:40]} {[%emt 00:29:01]} Nd5+ {[%clk 00:30:01]} {[%emt
00:00:58]} 50. Kf3 {[%clk 00:13:48]} {[%emt 00:00:22]} Nxf6 {[%clk 00:29:18]}
{[%emt 00:01:13]} 51. gxf6 {[%clk 00:14:13]} {[%emt 00:00:05]} Rxa2 {[%clk
00:28:39]} {[%emt 00:01:09]} 52. Kg4 {[%clk 00:13:52]} {[%emt 00:00:50]} Ra5
{[%clk 00:28:42]} {[%emt 00:00:27]} 53. Rg7 {[%clk 00:13:49]} {[%emt 00:00:33]}
Rb5 {[%clk 00:28:38]} {[%emt 00:00:35]} 54. Rxg6 {[%clk 00:11:16]} {[%emt
00:03:03]} Kf7 {[%clk 00:28:53]} {[%emt 00:00:15]} 55. h5 {[%clk 00:11:23]}
{[%emt 00:00:23]} Ra5 {[%clk 00:29:10]} {[%emt 00:00:12]} 56. Kh4 {[%clk
00:09:36]} {[%emt 00:02:18]} Rb5 {[%clk 00:29:25]} {[%emt 00:00:15]} 57. Rg5
{[%clk 00:09:49]} {[%emt 00:00:17]} Rb4+ {[%clk 00:29:49]} {[%emt 00:00:06]}
58. Rg4 {[%clk 00:10:15]} {[%emt 00:00:03]} Rxg4+ {[%clk 00:30:08]} {[%emt
00:00:12]} 59. Kxg4 {[%clk 00:10:42]} {[%emt 00:00:03]} 1/2-1/2